| 000 | 00507nam a22001817a 4500 | ||
|---|---|---|---|
| 003 | OSt | ||
| 005 | 20220107122829.0 | ||
| 008 | 170707b xxu||||| |||| 00| 0 eng d | ||
| 040 | _cIIITMK | ||
| 100 |
_aLekshmi Soman (91615006) _912217 |
||
| 245 | _aEY aspire leadership learning portal | ||
| 300 | _aMSC IT-Main project | ||
| 502 |
_bMSC IT _c2015-2017 _dINT _eDr. Elizabeth Sherly |
||
| 650 |
_aE-LEARNING _912218 |
||
| 650 |
_aCSOM _912219 |
||
| 650 |
_aONLINE LEARNING PLATFORM _912220 |
||
| 942 |
_2ddc _cPR |
||
| 999 |
_c5709 _d5709 |
||